Corrosion engineering (Record no. 3984)

000 -LEADER
fixed length control field 00731nam a2200229 i 4500
001 - CONTROL NUMBER
control field 3984
003 - CONTROL NUMBER IDENTIFIER
control field BD-DhUET
008 - FIXED-LENGTH DATA ELEMENTS--GENERAL INFORMATION
fixed length control field 770810s1978 nyua b 001 0 eng
020 ## - INTERNATIONAL STANDARD BOOK NUMBER
International Standard Book Number
040 ## - CATALOGING SOURCE
Original cataloging agency DLC
Transcribing agency DLC
Modifying agency BD-DhUET
082 00 - DEWEY DECIMAL CLASSIFICATION NUMBER
Classification number 620.1122
Item number FON/1967
100 ## - MAIN ENTRY--PERSONAL NAME
Personal name Fontana, Mars G.
245 10 - TITLE STATEMENT
Title Corrosion engineering
250 ## - EDITION STATEMENT
Edition statement 2nd ed.
260 ## - PUBLICATION, DISTRIBUTION, ETC. (IMPRINT)
Place of publication, distribution, etc. New York
Name of publisher, distributor, etc. McGraw-Hill
Date of publication, distribution, etc. 1978
300 ## - PHYSICAL DESCRIPTION
Extent xiii, 465 p.
Other physical details ill.
Dimensions 24 cm.
490 0# - SERIES STATEMENT
Series statement Materials science and engineering series
504 ## - BIBLIOGRAPHY, ETC. NOTE
Bibliography, etc Includes bibliographies
650 #0 - SUBJECT ADDED ENTRY--TOPICAL TERM
Topical term or geographic name as entry element Corrosion - Engineering
700 ## - ADDED ENTRY--PERSONAL NAME
Personal name Greene, Norbert D.
942 ## - ADDED ENTRY ELEMENTS (KOHA)
Koha item type General Book
Holdings
Price effective from Copy number Koha date last seen Koha issues (times borrowed) Sublocation or collection (holding branch) Shelving location Koha normalized classification for sorting Date acquired Lost status Withdrawn status Koha item type Koha date last borrowed Damaged status Source of classification or shelving scheme Not for loan Koha full call number Location (home branch) Piece designation (barcode)
2014-11-1012022-11-212Central Library, BUETCirculation section620_112200000000000_FON_19782014-11-10  General Book2022-09-13   620.1122/FON/1978Central Library, BUET71357
2014-11-1222022-10-013Central Library, BUETCirculation section620_000000000000000_1122FON1972014-11-12  General Book2022-07-25   620.1122/FON/1978Central Library, BUET71356
2014-11-1632022-06-292Central Library, BUETCirculation section620_000000000000000_1122FON1972014-11-16  General Book2022-06-15   620.1122/FON/1978Central Library, BUET46427
2014-11-2942014-11-29 Central Library, BUETCirculation section620_112200000000000_FON_19782014-11-29  General Book    620.1122/FON/1978Central Library, BUET29712
2015-07-0152015-07-01 Central Library, BUETReading section620_112200000000000_FON_19672015-07-01  Reading Item    620.1122/FON/1967Central Library, BUET59780
2024-11-24ক-৫2024-11-24 Central Library, BUETRental section620_112200000000000_FON_19672024-11-24  Rental Item    620.1122 FON/1967Central Library, BUET59783
2024-11-24ক-৬2024-11-24 Central Library, BUETRental section620_112200000000000_FON_19672024-11-24  Rental Item    620.1122 FON/1967Central Library, BUET59784
2024-11-24ক-৭2024-11-24 Central Library, BUETRental section620_112200000000000_FON_19672024-11-24  Rental Item    620.1122 FON/1967Central Library, BUET59785
2024-11-24ক-৮2024-11-24 Central Library, BUETRental section620_112200000000000_FON_19672024-11-24  Rental Item    620.1122 FON/1967Central Library, BUET59786